000 01032cam a2200253 4500
001 L154789
002 18257
008 120118n2010 000 0 eng u
020 _a9780199570898
035 _a(Sirsi) u154789
041 _aeng
050 _a711.026 $2 18
100 _aMoore, Victor
245 0 2 _aA practical approach to planning law
250 _a11th ed.
260 _aOxford
_bOxford University Press
_c2010
300 _axliii, 666p.
_c25cm.
350 _a54.95
520 _aAims to cover every aspect of the law and legislation related to planning. Includes information on The Planning Act 2008, recent case law and legislation and a chapter concerning the Planning Commission. Considers subject as diverse as simplified planning zones, general permitted orders and cases of doubt, control of outdoor advertisements and trees and hedgerows. Superseded by 12th edition. (9780199640072)
590 _aKA
651 4 _aEngland and Wales
_y1543-
690 _aPlanning and development
_96259
942 _n0
999 _c113155
_d113155